The engagement aesthetic :experiencing new media art through critique / (Record no. 2438)

000 -LEADER
fixed length control field 00897cam a2200265 i 4500
001 - CONTROL NUMBER
control field 17570829
003 - CONTROL NUMBER IDENTIFIER
control field OSt
005 - DATE AND TIME OF LATEST TRANSACTION
control field 20160721151725.0
008 - FIXED-LENGTH DATA ELEMENTS--GENERAL INFORMATION
fixed length control field 121221s2013 nyua b 001 0 eng
010 ## - LIBRARY OF CONGRESS CONTROL NUMBER
LC control number 2012044419
020 ## - INTERNATIONAL STANDARD BOOK NUMBER
International Standard Book Number 9781623560409 (pbk. : alk. paper)
040 ## - CATALOGING SOURCE
Original cataloging agency DLC
Language of cataloging eng
Transcribing agency DLC
Description conventions rda
Modifying agency DLC
042 ## - AUTHENTICATION CODE
Authentication code pcc
050 00 - LIBRARY OF CONGRESS CALL NUMBER
Classification number NX456.5.N49R53 2013
082 00 - DEWEY DECIMAL CLASSIFICATION NUMBER
Classification number 776.01
Edition number 23
100 1# - MAIN ENTRY--PERSONAL NAME
Personal name Ricardo, Francisco J.
245 14 - TITLE STATEMENT
Title The engagement aesthetic :experiencing new media art through critique /
Statement of responsibility, etc by Francisco J. Ricardo.
260 ## - PUBLICATION, DISTRIBUTION, ETC. (IMPRINT)
Place of publication, distribution, etc New York
Name of publisher, distributor, etc Bloomsbury
Date of publication, distribution, etc c2013.
300 ## - PHYSICAL DESCRIPTION
Extent vi, 250 pages :
Other physical details illustrations ;
Dimensions 23 cm
504 ## - BIBLIOGRAPHY, ETC. NOTE
Bibliography, etc Includes bibliographical references (pages 225-228) and index.
650 #0 - SUBJECT ADDED ENTRY--TOPICAL TERM
Topical term or geographic name as entry element New media art.
906 ## - LOCAL DATA ELEMENT F, LDF (RLIN)
a 7
b cbc
c orignew
d 1
e ecip
f 20
g y-gencatlg
942 ## - ADDED ENTRY ELEMENTS (KOHA)
Source of classification or shelving scheme
Koha item type Book
Holdings
Withdrawn status Lost status Source of classification or shelving scheme Damaged status Not for loan Home library Current library Shelving location Date acquired Total Checkouts Full call number Barcode Date last seen Copy number Price effective from Koha item type
          Riara University Library Riara University Library General stack 21/07/2016   NX456.5.N49R53 2013 7066/16 21/07/2016 C.1 21/07/2016 Book

Riara University Library,
P.O. Box 49940-00100,
Nairobi, Kenya.